|
|
|
|
| LEADER |
00000nbm0a2200000 4500 |
| 001 |
178633 |
| 005 |
20231031165940.0 |
| 035 |
|
|
|a (RuTPU)RU\TPU\book\193641
|
| 090 |
|
|
|a 178633
|
| 100 |
|
|
|a 20100408d1961 k y0rusy50 ca
|
| 101 |
0 |
|
|a rus
|
| 102 |
|
|
|a RU
|
| 105 |
|
|
|a a p 001zy
|
| 200 |
1 |
|
|a Отчет-справка о работе проблемной лаборатории по теории резания металлов за 1961 год
|e Отчет о НИР
|f Томский политехнический институт (ТПИ)
|
| 210 |
|
|
|a Томск
|d 1961
|
| 215 |
|
|
|a 20 л.
|
| 320 |
|
|
|a Библиогр. в тексте
|
| 610 |
1 |
|
|a отчеты о НИР
|
| 610 |
1 |
|
|a резание металлов
|
| 610 |
1 |
|
|a стали
|
| 610 |
1 |
|
|a фрезерные работы
|
| 610 |
1 |
|
|a пластичные металлы
|
| 610 |
1 |
|
|a сверление
|
| 610 |
1 |
|
|a стойкостные испытания
|
| 610 |
1 |
|
|a хрупкие металлы
|
| 610 |
1 |
|
|a механические характеристики
|
| 610 |
1 |
|
|a шероховатость
|
| 610 |
1 |
|
|a обрабатываемость
|
| 675 |
|
|
|a 6.022
|v 3
|
| 712 |
0 |
2 |
|a Томский политехнический институт (ТПИ)
|c (1944-1991)
|2 stltpush
|3 (RuTPU)RU\TPU\col\1123
|4 595
|
| 801 |
|
1 |
|a RU
|b 63413507
|c 20100408
|
| 942 |
|
|
|c BK
|